[Event "AUTO-BEG-465"]
[Site "http://www.queenalice.com/game.php?id=902198"]
[Date "2011.2.18"]
[Round "1"]
[White "ZKTI"]
[Black "murphyfish"]
[Result "0-1"]
[WhiteElo "1046"]
[BlackElo "1344"]

1. e4 e5 2. Nf3 Nc6 3. d3 g6 4. Nc3 b6 5. Bg5 Be7 6. Be2 Bb7 7. Qd2 a5 8. Nd5
Nf6 9. a3 h6 10. O-O hxg5 11. Nxg5 Nd4 12. c3 Nxe2+ 13. Qxe2 c6 14. Nxf6+ Bxf6
15. Nh3 d5 16. d4 dxe4 17. Rad1 Rh4 18. dxe5 Qc7 19. Qf3 exf3 20. g3 Rxh3 21.
exf6 Kf8 22. Rfe1 Rd8 23. Rc1 c5 24. b4 a4 25. b5 Rd6 26. Re3 Rxf6 27. Rce1 Kg7
28. Re7 Qd6 29. Rxb7 Re6 30. Rc1 Qd2 0-1

[Event "AUTO-BEG-465"]
[Site "http://www.queenalice.com/game.php?id=902213"]
[Date "2011.2.18"]
[Round "1"]
[White "kadu10"]
[Black "ZKTI"]
[Result "1-0"]
[WhiteElo "1658"]
[BlackElo "1042"]

1. e4 e5 2. Nf3 d6 3. Bc4 Be6 4. Bb3 Nf6 5. d3 Qd7 6. Bg5 h6 7. Bxf6 gxf6 8.
Nbd2 a6 9. c3 Nc6 10. h3 Be7 11. d4 exd4 12. Nxd4 Nxd4 13. Bxe6 Qxe6 14. cxd4 d5
15. Qe2 f5 16. e5 O-O-O 17. O-O-O Qc6+ 18. Kb1 Qb6 19. Nb3 f4 20. Qg4+ Kb8 21.
Qxf4 Qg6+ 22. Ka1 Qc2 23. Rc1 Bg5 24. Rxc2 Bxf4 25. g3 Bg5 26. f4 Be7 27. Nc5
Bxc5 28. Rxc5 Rhg8 29. Rg1 b6 30. Rc6 h5 31. g4 f5 32. Rc2 fxg4 33. hxg4 hxg4
34. Rcg2 c5 35. dxc5 d4 36. cxb6 d3 37. Kb1 d2 38. Kc2 Rg6 39. Rxd2 Rc6+ 40. Kd1
Rdc8 41. Rxg4 Rxb6 42. f5 Rf8 43. f6 Rb5 44. Rg7 Rxe5 45. f7 Rf5 46. Rd7 Rf1+
47. Ke2 Rb1 48. Rg8 Rxb2+ 49. Kd1 Rc8 50. f8=Q 1-0

[Event "AUTO-BEG-465"]
[Site "http://www.queenalice.com/game.php?id=902214"]
[Date "2011.2.18"]
[Round "1"]
[White "ZKTI"]
[Black "kadu10"]
[Result "0-1"]
[WhiteElo "1016"]
[BlackElo "1467"]

1. e4 e5 2. Nf3 Nf6 3. d3 Nc6 4. Nc3 Bb4 5. a3 Ba5 6. Bd2 d5 7. Nxd5 Bxd2+ 8.
Qxd2 Nxd5 9. exd5 Qxd5 10. Be2 Nd4 11. O-O O-O 12. c4 Nxe2+ 13. Qxe2 Qd6 14.
Rfe1 f6 15. Rac1 b6 16. Nh4 c5 17. Qg4 Bxg4 0-1

[Event "AUTO-BEG-465"]
[Site "http://www.queenalice.com/game.php?id=902223"]
[Date "2011.2.18"]
[Round "1"]
[White "kasparov_chess"]
[Black "ZKTI"]
[Result "1-0"]
[WhiteElo "1433"]
[BlackElo "1016"]

1. e4 e5 2. Qh5 d6 3. Bc4 g6 4. Qf3 Be6 5. Bxe6 fxe6 6. Qb3 b6 7. Qxe6+ Be7 8.
Nf3 Nd7 9. O-O Nc5 10. Qd5 Rc8 11. d4 Nf6 12. Qc4 Qd7 13. dxe5 dxe5 14. Nxe5 Qd6
15. Nf7 Qd7 16. Nxh8 Nfxe4 17. Qf7+ Kd8 18. Qg8+ Qe8 19. Qxh7 Nf6 20. Nf7+ Kd7
21. Qxg6 Ne6 22. Ne5+ Kd8 23. Rd1+ 1-0

[Event "AUTO-BEG-465"]
[Site "http://www.queenalice.com/game.php?id=902224"]
[Date "2011.2.18"]
[Round "1"]
[White "ZKTI"]
[Black "kasparov_chess"]
[Result "0-1"]
[WhiteElo "1016"]
[BlackElo "1406"]

1. e4 e5 2. Bd3 Nf6 3. Nf3 h6 4. Nxe5 d6 5. Nc4 Nc6 6. h3 Be6 7. Nc3 Be7 8. f3
Nh5 9. b3 O-O 10. g4 Bh4+ 11. Ke2 Ng3+ 12. Ke3 Nxh1 13. Qxh1 Re8 14. Ba3 Qf6 15.
f4 Bxc4 16. Bb2 Qd4+ 17. Ke2 Qf2+ 18. Kd1 Qxf4 19. Bxc4 Nd4 20. Nd5 Qxe4 0-1

[Event "Challenge"]
[Site "http://www.queenalice.com/game.php?id=921092"]
[Date "2011.4.3"]
[Round "-"]
[White "edemarc"]
[Black "ZKTI"]
[Result "1-0"]
[WhiteElo "1566"]
[BlackElo "1040"]

1. e4 e5 2. Nf3 Nc6 3. Nc3 Nf6 4. Bc4 h6 5. O-O d6 6. d3 Be6 7. a3 Nd4 8. Nxd4
exd4 9. Ne2 Qd7 10. Nxd4 Bxc4 11. dxc4 Nxe4 12. f3 a6 13. fxe4 Be7 14. Nf5 g6
15. Nxh6 O-O-O 16. Nxf7 Rh7 17. Be3 Rf8 18. Ng5 Bxg5 19. Rxf8+ Bd8 20. Ba7 Qe7
21. Qf1 Qxe4 22. Kh1 Qe5 23. g3 Qh5 24. Rf2 c6 25. Re1 Ba5 26. Re4 b5 27. Rh4
1-0

[Event "Challenge"]
[Site "http://www.queenalice.com/game.php?id=924610"]
[Date "2011.4.11"]
[Round "-"]
[White "FranzMeM"]
[Black "ZKTI"]
[Result "1-0"]
[WhiteElo "1478"]
[BlackElo "1057"]

1. e4 e5 2. Bc4 Nf6 3. Nf3 Nc6 4. d3 Bb4+ 5. c3 Bc5 6. O-O d6 7. h3 Be6 8. Bxe6
fxe6 9. b4 Bb6 10. a4 a6 11. a5 Ba7 12. Bb2 b5 13. Nbd2 h6 14. d4 d5 15. exd5
Nxd5 16. g3 exd4 17. cxd4 Ndxb4 18. d5 Qxd5 19. Bxg7 Rg8 20. Bxh6 O-O-O 21. Ng5
Qd4 22. g4 Qf6 23. Nxe6 Rde8 24. Nxc7 Kxc7 25. Be3 Bxe3 26. fxe3 Qh6 27. Qf3
Ref8 28. Qg3+ Kd7 29. Rfd1 Nd3 30. Nb3 Qh7 31. Nc5+ Kc8 32. Nxd3 Qg7 33. Nc5 Qe7
34. Nd7 Rd8 35. Nb6+ Kb7 36. Rxd8 Rxd8 37. g5 Rg8 38. h4 Ne5 39. Nd5 Qd6 40. Qg2
Ka7 41. Rc1 Rg7 42. Qf2 Nd3 43. e4+ Nxf2 44. Kxf2 Qh2+ 45. Ke3 Qxh4 46. Kd4 Qxg5
47. Rc6 Qg1+ 48. Ke5 Rg5+ 49. Kd6 Rg7 50. e5 Rb7 51. e6 Qh2+ 52. Kc5 Qa2 53. e7
Rxe7 54. Nxe7 Qc4+ 55. Kd6 Qb4+ 56. Kd7 Qxa5 57. Kc8 b4 58. Kd7 b3 59. Rc8 Qa4+
60. Nc6+ Kb7 61. Rb8# 1-0

[Event "Challenge"]
[Site "http://www.queenalice.com/game.php?id=941013"]
[Date "2011.5.21"]
[Round "-"]
[White "ZKTI"]
[Black "FranzMeM"]
[Result "0-1"]
[WhiteElo "1049"]
[BlackElo "1494"]

1. e4 e5 2. Bc4 Nf6 3. Nf3 Bd6 4. d3 h6 5. h3 c6 6. Nc3 b5 7. Bb3 O-O 8. Be3 Qe7
9. Qe2 Ba6 10. a3 Bc5 11. Nh4 Bxe3 12. Qxe3 Nh5 13. Nf5 Qf6 14. Ne2 d6 15. Neg3
Nf4 16. O-O-O Nd7 17. Rhg1 Nc5 18. f3 Nxb3+ 19. cxb3 c5 20. Ne2 Bc8 21. Nxf4
Bxf5 22. Nd5 Qg5 23. Qxg5 hxg5 24. exf5 a5 25. Ne7+ Kh8 26. h4 g4 27. fxg4 a4
28. Rh1 axb3 29. h5 b4 30. h6 bxa3 31. hxg7+ Kxg7 32. Rdf1 f6 33. Ng6 Rfc8 34.
Ne7 Rd8 35. Nd5 a2 36. Kd2 Rh8 37. Rhg1 Rh4 38. Ne3 Rd8 39. g3 Rhh8 40. Kc3 Rb8
41. Nc4 d5 42. Na3 c4 43. g5 cxd3 44. Kxd3 fxg5 45. f6+ Kf7 46. Ra1 Kxf6 47.
Rgf1+ Kg6 48. Nc2 bxc2 49. Kxc2 Rhc8+ 50. Kd2 Rxb2+ 51. Ke3 Rc3# 0-1

[Event "AUTO-OPEN-2369"]
[Site "http://www.queenalice.com/game.php?id=941750"]
[Date "2011.5.23"]
[Round "1"]
[White "wladimir"]
[Black "ZKTI"]
[Result "1-0"]
[WhiteElo "1292"]
[BlackElo "1022"]

1. e4 e5 2. Nf3 Nc6 3. Bc4 d6 4. Nc3 Be6 5. Bb5 a6 6. Bxc6+ bxc6 7. d3 Be7 8.
O-O Nf6 9. d4 exd4 10. Nxd4 c5 11. Nc6 Qd7 12. Nxe7 Qxe7 13. Bf4 h6 14. e5 dxe5
15. Qf3 exf4 16. Qxa8+ Qd8 17. Qxa6 O-O 18. Qa5 Bc4 19. Rad1 Qb8 20. Rfe1 Qxb2
21. Nb1 Bxa2 22. Qxc7 Ng4 23. Rd8 Rxd8 24. Qxd8+ Kh7 25. Qd3+ g6 26. Nc3 Qa3 27.
Qd2 Qa8 28. Nd5 Bxd5 29. Qxf4 h5 30. f3 c4 31. fxg4 1-0

[Event "AUTO-OPEN-2369"]
[Site "http://www.queenalice.com/game.php?id=941751"]
[Date "2011.5.23"]
[Round "1"]
[White "ZKTI"]
[Black "wladimir"]
[Result "0-1"]
[WhiteElo "1047"]
[BlackElo "1329"]

1. e4 e5 2. Nf3 Nc6 3. Nc3 Bc5 4. d3 Nf6 5. Be3 Bxe3 6. fxe3 d6 7. Be2 Ng4 8.
Nd2 Nxe3 9. Qc1 Nxg2+ 10. Kd1 Ne3+ 11. Ke1 Qh4# 0-1

[Event "AUTO-OPEN-2369"]
[Site "http://www.queenalice.com/game.php?id=941770"]
[Date "2011.5.23"]
[Round "1"]
[White "MariusLola"]
[Black "ZKTI"]
[Result "1-0"]
[WhiteElo "1841"]
[BlackElo "1051"]

1. e4 e5 2. Qh5 h6 3. Qxe5+ Ne7 4. Bc4 f6 5. Qh5+ g6 6. Qf3 f5 7. e5 Nbc6 8. Qe3
Bg7 9. d4 d5 10. exd6 Qxd6 11. Nf3 Nxd4 12. Nxd4 Bd7 13. c3 f4 14. Qxf4 O-O-O
15. Qxd6 cxd6 16. O-O d5 17. Bb3 Nf5 18. Rd1 h5 19. Bg5 Rdf8 20. Bxd5 Bf6 21.
Bxf6 Rxf6 22. b3 Re8 23. Na3 Rd6 24. Bf7 Re7 25. Nxf5 Rf6 26. Nxe7+ Kd8 27. Bxg6
Kxe7 28. Bxh5 Be8 29. Re1+ Kf8 30. Rxe8+ 1-0

[Event "AUTO-OPEN-2369"]
[Site "http://www.queenalice.com/game.php?id=941780"]
[Date "2011.5.23"]
[Round "1"]
[White "beckhamf2000"]
[Black "ZKTI"]
[Result "1-0"]
[WhiteElo "1952"]
[BlackElo "1038"]

1. d4 d5 2. c4 dxc4 3. e4 e6 4. Bxc4 Bb4+ 5. Nc3 Nc6 6. Nf3 Nf6 7. Bg5 h6 8.
Bxf6 Qxf6 9. e5 Qe7 10. Qb3 Na5 11. Bb5+ c6 12. Qa4 Bxc3+ 13. bxc3 cxb5 14. Qxa5
O-O 15. Qxb5 a6 16. Qb6 Bd7 17. O-O Bc6 18. Nd2 Rfc8 19. f4 Bd5 20. Rfc1 Qh4 21.
c4 Qg4 22. cxd5 Qxf4 23. Rxc8+ Rxc8 24. Qb2 Qe3+ 25. Kh1 h5 26. Rc1 Rxc1+ 27.
Qxc1 exd5 28. Qc8+ Kh7 29. Nf3 Qf2 30. Qxb7 Qf1+ 31. Ng1 1-0

[Event "AUTO-OPEN-2369"]
[Site "http://www.queenalice.com/game.php?id=941781"]
[Date "2011.5.23"]
[Round "1"]
[White "ZKTI"]
[Black "beckhamf2000"]
[Result "0-1"]
[WhiteElo "1036"]
[BlackElo "1954"]

1. e4 c5 2. Bc4 Nc6 3. Qf3 Nf6 4. d3 Nd4 5. Qd1 e5 6. Be3 d5 7. Bxd5 Nxd5 8.
exd5 Qxd5 9. Bxd4 cxd4 10. Nf3 Bg4 11. h3 Bxf3 12. gxf3 Bb4+ 13. Nd2 Bxd2+ 14.
Qxd2 Qxf3 15. Rf1 O-O 16. Qe2 Qxh3 17. O-O-O Rfe8 18. f3 Qe6 19. a3 f5 20. f4 e4
21. dxe4 Qxe4 22. Qc4+ Qe6 23. Qxd4 Qe3+ 24. Qxe3 Rxe3 25. Rd3 Rxd3 26. cxd3 Re8
27. Kb1 Re2 28. Kc1 Kf7 29. Kd1 Rxb2 30. Kc1 Ra2 31. d4 Ra1+ 0-1

[Event "Challenge"]
[Site "http://www.queenalice.com/game.php?id=942536"]
[Date "2011.5.26"]
[Round "-"]
[White "edemarc"]
[Black "ZKTI"]
[Result "1-0"]
[WhiteElo "1668"]
[BlackElo "1042"]

1. e4 e5 2. Nf3 Nc6 3. Nc3 Nf6 4. d3 d6 5. Bg5 h6 6. Be3 Be7 7. d4 Be6 8. d5
Nxe4 9. dxe6 fxe6 10. Nxe4 Qd7 11. Bb5 a6 12. Bd3 d5 13. Nc5 Bxc5 14. Bg6+ Kf8
15. Bxc5+ Ne7 16. Bh5 e4 17. Ne5 Qb5 18. Ng6+ Kg8 19. Bxe7 Kh7 20. b3 Rae8 21.
Be2 Qd7 22. Bh5 c6 23. O-O Rhg8 24. f4 b5 25. Bh4 c5 26. f5 exf5 27. Rxf5 Qxf5
28. g4 Qe6 29. Nf4 Qe5 30. Ne2 e3 31. Bg3 Qe6 32. Bh4 d4 33. Bg3 g6 34. Qd3 Ref8
35. Nf4 Qf6 36. h4 e2 37. Nxe2 Qf3 38. Rf1 Qxf1+ 39. Kh2 Rf3 40. Qe4 Re3 41.
Qb7+ Rg7 42. Bxg6+ Kxg6 43. Nf4+ Kh7 44. Qg2 Qa1 45. Nd5 Re1 46. Nf6+ Kh8 47.
Qa8+ Rg8 48. Qxg8# 1-0

[Event "Challenge"]
[Site "http://www.queenalice.com/game.php?id=944391"]
[Date "2011.5.30"]
[Round "-"]
[White "josedesouza"]
[Black "ZKTI"]
[Result "1-0"]
[WhiteElo "1141"]
[BlackElo "1034"]

1. e4 e5 2. Nf3 Nc6 3. a3 Nf6 4. Nc3 h6 5. h3 a6 6. Bc4 d6 7. d3 Be6 8. Bxe6
fxe6 9. b3 Nd4 10. Nh4 Qd7 11. Be3 Qf7 12. O-O Be7 13. a4 Nd7 14. g3 Nxb3 15.
cxb3 Nc5 16. b4 Bxh4 17. gxh4 O-O-O 18. bxc5 Qg6+ 19. Qg4 Qf7 20. c6 bxc6 21. d4
h5 22. Qg5 g6 23. Rab1 1-0

[Event "Challenge"]
[Site "http://www.queenalice.com/game.php?id=946804"]
[Date "2011.6.7"]
[Round "-"]
[White "FranzMeM"]
[Black "ZKTI"]
[Result "1-0"]
[WhiteElo "1501"]
[BlackElo "1040"]

1. e4 e5 2. Nf3 Nc6 3. Bc4 Nf6 4. d3 d6 5. Nc3 Be6 6. Bb5 a6 7. Bxc6+ bxc6 8. a3
h6 9. d4 exd4 10. Nxd4 Qd7 11. b3 c5 12. Nxe6 Qxe6 13. O-O Be7 14. Bb2 Nxe4 15.
Nxe4 Qxe4 16. Re1 Qh4 17. Bxg7 Rg8 18. Bf6 Qxf6 19. Qd5 Kd7 20. Re3 Qg6 21. Rae1
c6 22. Rxe7+ Kd8 23. Qxc6 Ra7 24. Qb6+ Kc8 25. Qc6+ Kd8 26. Re8+ Rxe8 27. Qxe8+
Kc7 28. Re7+ Kb6 29. Qb8+ Kc6 30. Qxa7 Qxc2 31. Qxa6+ Kd5 32. Qb7+ Kd4 33. Re1
f5 34. a4 Qc3 35. Rd1+ Ke5 36. Qd5+ Kf6 37. Qxd6+ 1-0